书目信息 |
| 题名: |
预应力混凝土
|
|
| 作者: | 内伊 著 ;李英民 缩编 | |
| 分册: | ||
| 出版信息: | 重庆 重庆大学出版社 2007.04 |
|
| 页数: | 513页 | |
| 开本: | 23cm | |
| 丛书名: | ||
| 单 册: | ||
| 中图分类: | TU528.571 | |
| 科图分类: | ||
| 主题词: | 预应力混凝土--yu ying li hun ning tu--高等学校--英文--教材 | |
| 电子资源: | ||
| ISBN: | 978-7-5624-3827-4 | |
| 000 | 01182nam0 2200289 450 | |
| 001 | 012007365613 | |
| 005 | 20070930090840.79 | |
| 010 | @a978-7-5624-3827-4@dCNY45.00 | |
| 100 | @a20070812d2007 km y0chiy0120 ea | |
| 101 | 0 | @aeng |
| 102 | @aCN@b500000 | |
| 105 | @aa z 000yy | |
| 200 | 1 | @a预应力混凝土@Ayu ying li hun ning tu@d= Prestressed concrete@ea fundamental approach@f(美) Edward G.Nawy著@F(mei)Edward G.Nawy zhu@g李英民缩编@Gli ying min suo bian@zeng |
| 205 | @a英文版 | |
| 210 | @a重庆@c重庆大学出版社@d2007.04 | |
| 215 | @a513页@c图@d23cm | |
| 300 | @a缩编国外精品教材 | |
| 306 | @a本书英文缩印版由重庆大学出版社和培生教育出版集团亚洲有限公司合作出版。 | |
| 314 | @a责任者Nawy规范汉译姓 :内伊。 | |
| 330 | @a本书反映了2005年美国房屋标准ACI318-05和国际房屋标准IBC2003的新要求,并以其独特的视角,系统地阐明了设计和分析预应力混凝土构件的方法等。 | |
| 510 | 1 | @aPrestressed concrete@efundamental approach@zeng |
| 606 | 0 | @a预应力混凝土@Ayu ying li hun ning tu@x高等学校@x英文@j教材 |
| 690 | @aTU528.571@v4 | |
| 701 | 1 | @a内伊@Anei yi@g(Nawy, Edward G.)@4著 |
| 702 | 0 | @a李英民@Ali ying min@4缩编 |
| 801 | 0 | @aCN@c20070930 |
| 905 | @dTU528.571@eN413 | |
| 预应力混凝土= Prestressed concrete:a fundamental approach/(美) Edward G.Nawy著/李英民缩编.-英文版.-重庆:重庆大学出版社,2007.04 |
| 513页:图;23cm |
| 缩编国外精品教材 |
| ISBN 978-7-5624-3827-4:CNY45.00 |
| 本书反映了2005年美国房屋标准ACI318-05和国际房屋标准IBC2003的新要求,并以其独特的视角,系统地阐明了设计和分析预应力混凝土构件的方法等。 |
| ● |
| 相关链接 |
|
|
|
正题名:预应力混凝土
索取号:TU528.571/N413
 
预约/预借
| 序号 | 登录号 | 条形码 | 馆藏地/架位号 | 状态 | 备注 |
| 1 | 256987 | 202569871 | 建筑库201/201建筑库 8排4列1层/ [索取号:TU528.571/N413] | 在馆 | |
| 2 | 256988 | 202569880 | 建筑库201/201建筑库 8排4列1层/ [索取号:TU528.571/N413] | 在馆 | |
| 3 | 256989 | 202569899 | 建筑库201/201建筑库 8排4列1层/ [索取号:TU528.571/N413] | 在馆 |